[Event "North American op 32nd"]
[Site "Las Vegas"]
[Date "2022.12.29"]
[Round "8"]
[White "Cote, Gary"]
[Black "Lauer, Benjamin"]
[Result "0-1"]
[WhiteElo "1538"]
[BlackElo "1811"]
[PlyCount "112"]
[EventDate "2022.12.26"]
[EventType "swiss"]
[EventRounds "9"]
[EventCountry "USA"]
[SourceTitle "CBM 211 Extra"]
[Source "ChessBase"]
[SourceDate "2023.01.31"]
[SourceVersion "1"]
[SourceVersionDate "2023.01.31"]
[SourceQuality "1"]

1. d4 Nf6 2. Nf3 g6 3. Bf4 Bg7 4. e3 d5 5. c4 0-0 6. Nc3 c5 7. h3 cxd4 8. exd4 b6 9. Rc1 Bb7 10. Be2 dxc4 11. Bxc4 Nd5 12. Be5 Bh6 13. Nxd5 Bxd5 14. Rc3 Nc6 15. 0-0 Bg7 16. Bxg7 Kxg7 17. Ne5 Nb4 18. Qb3 Bxc4 19. Rxc4 Nd5 20. Rfc1 e6 21. Qg3 Nf6 22. Nc6 Qd5 23. Qe5 Qd7 24. R4c3 Rac8 25. b4 a6 26. a4 Qd5 27. b5 axb5 28. axb5 Ra8 29. Rf3 Qxe5 30. dxe5 Nd5 31. Rc4 Ra1+ 32. Kh2 Rb1 33. Nd4 Ra8 34. Rb3 Re1 35. f4 Ra2 36. Kg3 Rd1 37. Rc2 Ra4 38. Ne2 Rf1 39. Rc6 Re4 40. Rf3 Rb1 41. Nc3 Nxc3 42. Rcxc3 Rxb5 43. Rb3 Reb4 44. Rxb4 Rxb4 45. Rc3 b5 46. Kg4 Rc4 47. Rb3 b4 48. g3 f5+ 49. exf6+ Kxf6 50. h4 e5 51. h5 gxh5+ 52. Kxh5 exf4 53. gxf4 Rxf4 54. Rh3 Ke5 55. Kg5 Rf7 56. Rb3 Rb7 0-1